Vplyv podnikovej kultúry na spokojnosť zákazníkov
Charakteristika pojmu podniková kultúra. Silná a slabá podniková kultúra - negatíva a pozitíva. Odlišnosť podnikových kultúr. Zákazníci a podniková kultúra. Zmena podnikovej kultúry.
Salvato in:
| Autore principale: | |
|---|---|
| Altri autori: | |
| Natura: | Capitolo di libro |
| Lingua: | slovacco |
| Soggetti: | |
| Tags: |
Nessun Tag, puoi essere il primo ad aggiungerne!!
|
MARC
| LEADER | 00000nla$a2200000$$$4500 | ||
|---|---|---|---|
| 001 | 0125986 | ||
| 005 | 20240502072433.8 | ||
| 041 | 0 | |a slo | |
| 044 | |a SK | ||
| 245 | 1 | 0 | |a Vplyv podnikovej kultúry na spokojnosť zákazníkov |c Ladislava Ivančová, Adela Klepáková |
| 520 | |a Charakteristika pojmu podniková kultúra. Silná a slabá podniková kultúra - negatíva a pozitíva. Odlišnosť podnikových kultúr. Zákazníci a podniková kultúra. Zmena podnikovej kultúry. | ||
| 610 | 2 | 0 | |a kultúra podniková |
| 610 | 2 | 0 | |a správanie |
| 610 | 2 | 0 | |a zákazníci |
| 610 | 2 | 0 | |a zamestnanci |
| 610 | 2 | 0 | |a manažéri |
| 610 | 2 | 0 | |a konkurencia |
| 610 | 2 | 0 | |a podnikanie |
| 610 | 2 | 0 | |a komunikácia |
| 100 | 1 | |a Ivančová, Ladislava, 1980- | |
| 700 | 1 | |a Klepáková, Adela | |